000 00752nam a2200253Ia 4500
003 OSt
005 20220928103436.0
006 a|||||r|||| 00| 0
007 ta
008 220927b |||||||| |||| 00| 0 eng d
020 _c350
024 _a100046
037 _b202, 06/10/2009, Vidyanidhi Prakashan
_cTextual
040 _aSDCL
_cSDCL
_beng
041 _2eng
_aeng
082 _aO152,1D40:g, P9
100 _aPanda P K
_9404059
245 0 _aKalidas ka sahitya
_b Adhunik pariprakshay main.
260 _aDelhi
_bVidyanidhi Prakashan
_c2009
300 _a215p.
_ccm.
650 _aSanskrit
_9391587
942 _hO152,1D40:g, P9
_cTEXL
_2CC
999 _c719816
_d719816